National teams with fewer defeats at UEFA European Championship - Statistics

Statistiche generali
  • Questo quiz è stato fatto 4 volte
  • Il punteggio medio è 6 su 8
Statistiche sulle risposte
Defeats Team % Corretto
2 Georgia
100%
2 Latvia
100%
2 Finland
75%
3 North Macedonia
75%
1 Slovenia
75%
1 Iceland
50%
1 Norway
50%
3 Northern Ireland
25%
Nessun quiz corrispondente trovato
Distribuzione punteggi
Percentuale di utenti per punteggio
Percentile per numero di risposta
I tuoi punteggi nel tempo
Non hai fatto questo quiz